Nijisanji En Members - Statistics

General Stats
  • This quiz has been taken 186 times
    177 since last reset
  • The average score is 27 of 35
Answer Stats
Answer % Correct
Uki Violeta
93%
Shu Yamino
92%
Sonny Brisko
92%
Vox Akuma
92%
Ike Eveland
89%
Luca Kaneshiro
88%
Alban Knox
87%
Elira Pendora
85%
Petra Gurin
81%
Finana Ryugu
80%
Fulgur Ovid
80%
Rosemi Lovelock
80%
Reimu Endou
79%
Ren Zotto
79%
Yu Q. Wilson
78%
Enna Alouette
76%
Vantacrow Bringer
76%
Zeal Ginjoka
75%
Doppio Dropscythe
74%
Meloco Kyoran
74%
Seible
74%
Ver Vermillion
74%
Claude Clawmark
73%
Kaelix Debonair
73%
Millie Parfait
73%
Vezalius Bandage
73%
Freodore
72%
Maria Marionetta
72%
Aia Amare
71%
Aster Arcadia
68%
Scarle Yonaguni
68%
Ryoma Barrenwort
67%
Kotoka Torahime
65%
Klara Charmwood
64%
Twisty Amanozako
60%
No matching quizzes found
Score Distribution
Percent of People with Each Score
Percentile by Number Answered
Your Score History
You have not taken this quiz since the last reset